"S" Synonyms - Statistics

General Stats
  • This quiz has been taken 131 times
  • The average score is 16 of 20
Answer Stats
Hint Answer % Correct
Tiny Small
98%
Mr. Sir / Senor
96%
Couch Sofa
96%
Grin Smile
94%
ILL Sick
91%
Dumb Silly / Stupid
91%
Intelligent Smart
91%
Cola Soda
90%
Talk Speak / Say
88%
Timid Shy
84%
Boat Ship
81%
Twirl Spin
81%
Cry Sob
71%
Alone Solo
66%
Regretful Sorry
62%
Dirt Soil
61%
Circle Sphere
58%
Employees Staff
56%
Rigid Stiff
52%
Tempest Storm
51%
No matching quizzes found
Score Distribution
Percent of People with Each Score
Percentile by Number Answered
Your Score History
You have not taken this quiz